LEADER 00948nam0 22002651i 450 001 UON00209620 005 20231205103329.292 100 $a20030730d1967 |0itac50 ba 101 $aalb 102 $aAL 105 $a|||| ||||| 200 1 $aTaras Bulba$fNikollaj V. Gogol$ge pėrktheu Bijar Doko 205 $aBotim i dytė 210 $aTiranė$cNaim Frashėri$d1967 215 $a182 p.$d16 cm. 620 $dTiranė$3UONL003212 676 $a891.703$cLetteratura russa. 1800-1917$v21 700 1$aGOGOL'$bNikolaj Vasil'evi?$3UONV110061$0169613 712 $aNaim Frashėri$3UONV274902$4650 801 $aIT$bSOL$c20240220$gRICA 899 $aSIBA - SISTEMA BIBLIOTECARIO DI ATENEO$2UONSI 912 $aUON00209620 950 $aSIBA - SISTEMA BIBLIOTECARIO DI ATENEO$dSI ALB B II 0052 $eSI EO 28552 5 0052 996 $aTaras Bulba$91259930 997 $aUNIOR LEADER 00941oas 22003613 450 001 9910893500103321 005 20260218111141.0 035 $a(DE-599)ZDB2740843-7 035 $a(OCoLC)855384072 035 $a(CONSER) 2013202039 035 $a(CKB)5280000000193466 035 $a(DE-599)2740843-7 035 $a(EXLCZ)995280000000193466 100 $a20130809a20139999 uy a 101 0 $aeng 135 $aur||||||||||| 181 $ctxt$2rdacontent 182 $cc$2rdamedia 183 $acr$2rdacarrier 200 00$aAmerican journal of internal medicine 210 1$aNew York, NY :$cScience Publishing Group,$d2013- 311 08$a2330-4316 517 1 $aAJIM 531 0 $aAm. j. intern. med. 676 $a616 801 0$bDLC 801 1$bDLC 801 2$bDLC 801 2$bOCLCL 906 $aJOURNAL 912 $a9910893500103321 996 $aAmerican journal of internal medicine$94256614 997 $aUNINA